=LDR 00000nam 2200000 4500 =001 INLIS000000000015378 =005 20130612110646 =008 ***********************************Ind** =035 ##$$0010-061300000015378 =041 ##$$a Ind =082 ##$$a 683.8 =090 ##$$a 683.8, SUJ-k =100 ##$$a Soedjono =245 ##$$a Kerajinan Logam Pelat =260 ##$$a 1986 $b Bandung =300 ##$$a 60 hlm, Ilus, 18 cm =650 ##$$a Kerja Logam Pelat =850 ##$$a NBPNMAT